🎶 Paroles "Hélène" Roch Voisine - Statistiques

Statistiques générales
  • Ce quiz a Ă©tĂ© pris 463 fois
  • Le rĂ©sultat moyen est 168 sur 195
Statistiques - réponses
Mots % Correct
A
99%
d'
99%
l'
99%
L'
99%
le
99%
s'
99%
de
98%
les
98%
t'
98%
tu
98%
dans
97%
Dans
97%
Et
97%
moi
97%
sur
97%
eau
96%
qui
96%
sable,
96%
ai
95%
Mon
95%
mon
95%
beau
94%
était
94%
n'
94%
Seul
94%
ton
94%
trop
94%
yeux
94%
achève,
93%
été
93%
J'
93%
mille
93%
partiras
93%
rĂŞve
93%
cent
92%
la
91%
lĂ -
91%
LĂ 
91%
te
91%
en
90%
loin
90%
oĂą
90%
si
89%
bas ...
88%
bas
88%
vas
88%
Comment
87%
pays
87%
Je
85%
me
84%
oublier
83%
une
83%
cœur
82%
Hélène,
82%
sourire
82%
you
81%
do
80%
pars,
80%
pars
80%
souvenirs
80%
plage
79%
tant
78%
aimer
77%
besoin
77%
du
77%
amie
76%
tellement
76%
about
75%
ici
75%
Pourquoi
75%
reste
75%
Reste
75%
temps
75%
crazy
74%
amour
72%
Make
72%
vent
71%
Nos
70%
vagues
70%
vu
68%
lieues
67%
passer
67%
près
67%
porte
66%
corps
65%
bat
64%
quai
63%
nuit
60%
désertée
59%
enlacés
58%
things
57%
encore
54%
juste
51%
brûlés,
45%
jeux
41%
Aucun quiz correspondant
Distribution des résultats
% des personnes avec chaque résultat
Percentile par nombre de réponses
Votre historique - résultats
Vous n’avez pas pris ce quiz